Review of medical microbiology and immunology (Registro nro. 273875)

Detalles MARC
000 -ENCABEZADO
Número de control [NR] 01112cam a2200325Ma 4500
005 - FECHA Y HORA DE LA ÚLTIMA TRANSACCIÓN
control field 20180312122243.0
008 - DE LONGITUD FIJA DE DATOS DE ELEMENTOS - INFORMACIÓN GENERAL
Elementos de longitud fija [NR] 140805s2014 xxuado fr 001 0 eng d
020 ## - NUMERO INTERNACIONAL NORMALIZADO PARA LIBROS [R]
Número Internacional Normalizado del libro [NR] 0071818111
020 ## - NUMERO INTERNACIONAL NORMALIZADO PARA LIBROS [R]
Número Internacional Normalizado del libro [NR] 9780071818117
040 ## - FUENTE DE CATALOGACION [NR]
Agencia de catalogación original [NR] CO-BoUCM
Idioma de catalogación [NR] spa
Quien Cataloga Jose A. Gerena
Quien Clasifica Jose A. Gerena
041 0# - CODIGO DE IDIOMA [R]
Código de idioma para texto/pista de sonido o título separado [R] Inglés
060 ## - SIGNATURA TOPOGRAFICA DE LA BIBLIOTECA NACIONAL DE MEDICINA (NLM) [R]
Número clasificador [R] QW 4
100 1# - ASIENTO PRINCIPAL--NOMBRE PERSONAL [NR]
Nombre personal [NR] Levinson, Warren
ID Autoridad 63573
245 10 - MENCION DE TITULO [NR]
Título [NR] Review of medical microbiology and immunology
Mención de responsabilidad, etc. [NR] Warren Levinson
246 2# - FORMA VARIANTE DEL TITULO [R]
Título propiamente dicho/forma breve del título [NR] Medical microbiology and immunology
250 ## - MENCION DE EDICION [NR]
Mención de edición [NR] 13th ed
260 ## - PUBLICACION, DISTRIBUCION, ETC. (PIE DE IMPRENTA) [R]
Lugar de publicación, distribución, etc. [R] Nueva York (Estados Unidos)
Nombre del editor, distribuidor, etc. [R] McGraw-Hill
-- Lange
Fecha de publicación, distribución, etc. [R] 2014
300 ## - DESCRIPCION FISICA [R]
Extensión [R] ix, 789 páginas
Otros detalles físicos [NR] ilustraciones, cuadros, gráficas, fotografías a color
504 ## - NOTA DE BIBLIOGRAFIA, ETC. [R]
Nota de bibliografía, etc. [NR] Incluye referencias bibliográficas e índices
650 #7 - ASIENTO SECUNDARIO DE MATERIA - TERMINO TEMATICO [R]
Término temático o nombre geográfico como elemento de entrada [NR] Bacteriología
9 (RLIN) 9890
650 #7 - ASIENTO SECUNDARIO DE MATERIA - TERMINO TEMATICO [R]
Término temático o nombre geográfico como elemento de entrada [NR] Enfermedades infecciosas
9 (RLIN) 14411
650 #7 - ASIENTO SECUNDARIO DE MATERIA - TERMINO TEMATICO [R]
Término temático o nombre geográfico como elemento de entrada [NR] Inmunología
9 (RLIN) 17698
650 #7 - ASIENTO SECUNDARIO DE MATERIA - TERMINO TEMATICO [R]
Término temático o nombre geográfico como elemento de entrada [NR] Microbiología
9 (RLIN) 19480
650 #7 - ASIENTO SECUNDARIO DE MATERIA - TERMINO TEMATICO [R]
Término temático o nombre geográfico como elemento de entrada [NR] Parasitología
9 (RLIN) 21082
650 #7 - ASIENTO SECUNDARIO DE MATERIA - TERMINO TEMATICO [R]
Término temático o nombre geográfico como elemento de entrada [NR] Virología
9 (RLIN) 26304
690 ## - ASUNTO AGREGADO LOCAL DE ENTRADA - TÉRMINO TEMÁTICO (OCLC, RLIN)
9 (RLIN) 42855
Acceso temático local Inmunología
690 ## - ASUNTO AGREGADO LOCAL DE ENTRADA - TÉRMINO TEMÁTICO (OCLC, RLIN)
9 (RLIN) 42880
Acceso temático local Microbiología
942 ## - ELEMENTOS DE ENTRADA AGREGADOS (KOHA)
Tema principal Ciencias de la salud
Tipo de ítem principal el descrito en 300a Libro
Edición 13
Parte restante de la signatura top. L665
Sistema de clasificación NLM
Clasificación QW 4
Título oculto en OPAC No
Existencias
Fecha de último préstamo Total préstamos Total Renewals Signatura topográfica Código de barras Última vez visto Volúmen / Fascículo Ejemplar Costo de reposición Price effective from Tipo de ítem Perdido Sistema de clasificación Dañado No prestable Tipo de ítem específico Suprimido Ubicación habitual Ubicación actual Localización Fecha de creación Proveedor Forma de adquisición Costo
09/05/2019 9 4 QW 4 L665 200026503 11/03/2026 13a.Ed. Ej.4 92000.00 04/08/2014 Libro   NLM     Libro   Quinta de Mutis Quinta de Mutis 1er piso 04/08/2014 26 Compra 92000.00
09/05/2019 3 2 QW 4 L665 200026502 12/12/2025 13a.Ed. Ej.3 92000.00 04/08/2014 Libro   NLM     Libro   Quinta de Mutis Quinta de Mutis 1er piso 04/08/2014 26 Compra 92000.00
01/04/2019 4 3 QW 4 L665 200026501 12/12/2025 13a.Ed. Ej.2 92000.00 04/08/2014 Libro   NLM     Libro   Quinta de Mutis Quinta de Mutis 1er piso 04/08/2014 26 Compra 92000.00
03/02/2023 17 23 QW 4 L665 200026500 12/12/2025 13a.Ed. Ej.1 92000.00 04/08/2014 Libro   NLM     Libro   Quinta de Mutis Quinta de Mutis 1er piso 04/08/2014 26 Compra 92000.00
18/11/2022 15 27 QW 4 L665 200026514 12/12/2025 13a.Ed. Ej.15 92000.00 04/08/2014 Libro   NLM     Libro   Quinta de Mutis Quinta de Mutis 1er piso 04/08/2014 26 Compra 92000.00
21/04/2017 14 9 QW 4 L665 200026511 12/12/2025 13a.Ed. Ej.12 92000.00 04/08/2014 Libro   NLM     Libro   Quinta de Mutis Quinta de Mutis 1er piso 04/08/2014 26 Compra 92000.00
04/03/2019 8 7 QW 4 L665 200026504 12/12/2025 13a.Ed. Ej.5 92000.00 04/08/2014 Libro   NLM     Libro   Quinta de Mutis Quinta de Mutis 1er piso 04/08/2014 26 Compra 92000.00
27/03/2019 11 8 QW 4 L665 200026512 12/12/2025 13a.Ed. Ej.13 92000.00 04/08/2014 Libro   NLM     Libro   Quinta de Mutis Quinta de Mutis 1er piso 04/08/2014 26 Compra 92000.00
23/05/2017 13 11 QW 4 L665 200026506 12/12/2025 13a.Ed. Ej.7 92000.00 04/08/2014 Libro   NLM     Libro   Quinta de Mutis Quinta de Mutis 1er piso 04/08/2014 26 Compra 92000.00
28/05/2022 11 9 QW 4 L665 200026513 06/02/2026 13a.Ed. Ej.14 92000.00 04/08/2014 Libro   NLM     Libro   Quinta de Mutis Quinta de Mutis 1er piso 04/08/2014 26 Compra 92000.00
31/08/2022 8 5 QW 4 L665 200026509 12/12/2025 13a.Ed. Ej.10 92000.00 04/08/2014 Libro   NLM     Libro   Quinta de Mutis Quinta de Mutis 1er piso 04/08/2014 26 Compra 92000.00
26/11/2018 7 6 QW 4 L665 200026508 12/12/2025 13a.Ed. Ej.9 92000.00 04/08/2014 Libro   NLM     Libro   Quinta de Mutis Quinta de Mutis 1er piso 04/08/2014 26 Compra 92000.00
07/05/2018 11 6 QW 4 L665 200026510 12/12/2025 13a.Ed. Ej.11 92000.00 04/08/2014 Libro   NLM     Libro   Quinta de Mutis Quinta de Mutis 1er piso 04/08/2014 26 Compra 92000.00
11/10/2018 8 6 QW 4 L665 200026505 12/12/2025 13a.Ed. Ej.6 92000.00 04/08/2014 Libro   NLM     Libro   Quinta de Mutis Quinta de Mutis 1er piso 04/08/2014 26 Compra 92000.00
21/11/2016 6 6 QW 4 L665 200026507 12/12/2025 13a.Ed. Ej.8 92000.00 04/08/2014 Libro   NLM     Libro   Quinta de Mutis Quinta de Mutis 1er piso 04/08/2014 26 Compra 92000.00